Logo BPK

Biblioteka

Politechniki Koszalińskiej

Dynamics of civil engineering structures / (Rekord nr 30982)

Szczegóły MARC
000 -ETYKIETA REKORDU
podpole kontrolne o stałej długości 00694nam a2200229 i 4500
001 - NUMER KONTROLNY REKORDU
pole kontrolne bg
020 ## - MIĘDZYNARODOWY ZNORMALIZOWANY NUMER KSIĄŻKI - ISBN
ISBN 9054106247
040 ## - ŹRÓDŁO KATALOGOWANIA
Instytucja, która utworzyła rekord BPK
041 0# - KOD JĘZYKA
Kod języka tekstu en
080 ## - UNIWERSALNA KLASYFIKACJA DZIESIĘTNA - UKD
UKD 624.01/.07:531.3
920 ## - Międzynarodowy znormalizowany numer książki – ISBN
ISBN 90-5410-624-7
008 - POLE O STAŁEJ DŁUGOŚCI - DANE KONTROLNE
podpole kontrolne o stałej długości s pl f |000 0 pol
245 70 - TYTUŁ/ODPOWIEDZIALNOŚĆ
Tytuł Dynamics of civil engineering structures /
Pozostałe elementy strefy tytułu i oznaczenia odpowiedzialności ed. by Wilfried B. Krätzig, Hans-Jürgen Niemann.
260 ## - STREFA ADRESU WYDAWNICZEGO
Miejsce wydania Rotterdam ;
-- Brookfield :
Nazwa wydawcy/dystrybutora A. A. Balkema,
Data publikacji, dystrybucji/powstania dokumentu 1996.
300 ## - STREFA OPISU FIZYCZNEGO
Objętość XII, 630 s. :
Inne cechy fizyczne fot., rys., wykr. ;
Rozmiary 25 cm.
504 ## - UWAGA DOTYCZĄCA BIBLIOGRAFII
Informacje o bibliografii Bibliogr. przy rozdz.
650 #9 - HASŁO PRZEDMIOTOWE W FORMIE NAZWY OGÓLNEJ LUB JEDNOSTKOWEJ
Nazwa ogólna lub geograficzna Konstrukcje budowlane
Określnik ogólny mechanika
650 #9 - HASŁO PRZEDMIOTOWE W FORMIE NAZWY OGÓLNEJ LUB JEDNOSTKOWEJ
Nazwa ogólna lub geograficzna Dynamika
700 1# - HASŁO DODATKOWE - NAZWA OSOBOWA
Nazwa osobowa KRÄTZIG, Wilfried B.
700 1# - HASŁO DODATKOWE - NAZWA OSOBOWA
Nazwa osobowa NIEMANN, Hans Jürgen
856 ## - LOKALIZACJA I DOSTĘP DO ELEKTRONICZNYCH DOKUMENTÓW ZDALNYCH
Link (URL) http://koha.tu.koszalin.pl/cgi-bin/koha/opac-detail.pl?biblionumber=30982
Tekst linku Katalog online BPK
942 ## - DODATKOWE ELEMENTY (KOHA)
Typ dokumentu Książka
Egzemplarze
Wycofany Status egzemplarza Uszkodzony Dostępność Lokalizacja stała Lokalizacja bieżąca Miejsce przechowywania Sygnatura Kod kreskowy Typ dokumentu
      Dostępny Biblioteka Politechniki Koszalińskiej Biblioteka Politechniki Koszalińskiej Wypożyczalnia BG 38025 01170443 Książka
© 2023 Biblioteka Politechniki Koszalińskiej :: KOHA